| 000 | 01004nam a22003257i 4500 | ||
|---|---|---|---|
| 003 | DO-SdBNP | ||
| 005 | 20240530073925.0 | ||
| 007 | ta | ||
| 008 | 210922b 2019 dr 00| 0 eng d | ||
| 020 | _a9789945503630 | ||
| 040 |
_aDO-SdBNP _bspa _cBNPHU _erda |
||
| 082 | 4 |
_a863.42 _bM738c, 2019 _222 |
|
| 100 | 1 |
_aMonclús, Miguel Angel, _d1883-1967 _929460 |
|
| 245 | 1 | 0 |
_aCachón / _cMiguel Angel Monclús. |
| 264 |
_aSanto Domingo : _bNacional, _c2019. |
||
| 300 |
_a185 p. ; _c23 cm. |
||
| 336 |
_2rdacontent _atexto _btxt |
||
| 337 |
_2rdamedia _asin mediación _bn |
||
| 338 |
_2rdacarrier _avolumen _bnc |
||
| 490 | 1 | _aHomenaje | |
| 490 | 1 |
_aNarrativa _v14 |
|
| 500 | _aIncluye datos biográficos del autor en la solapa de la cubierta | ||
| 590 | _aInventariado, 2021/BT | ||
| 650 | 0 |
_aNovela dominicana _9223 |
|
| 650 | 0 |
_aLiteratura dominicana. _967 |
|
| 830 | 0 |
_nHomenaje _929014 |
|
| 830 | 0 |
_n14 _979997 _aNarrativa |
|
| 910 | _aBtavárez/Validado. Control de calidad MFF | ||
| 942 |
_2ddc _cLBS1 |
||
| 999 |
_c50618 _d50618 |
||